ბათუმის შოთა რუსთაველის სახელმწიფო უნივერსიტეტის ბიბლიოთეკა

Основы экономических исследований: логика, методология, организация, методика (ბიბ.ჩანაწერი № 37066)

000 -LEADER
fixed length control field 00781nam a2200265Ia 4500
001 - CONTROL NUMBER
control field 3020
003 - CONTROL NUMBER IDENTIFIER
control field GE_BSU
008 - FIXED-LENGTH DATA ELEMENTS--GENERAL INFORMATION
fixed length control field 181216s||||||||xx |||||||||||||| ||und||
020 ## - INTERNATIONAL STANDARD BOOK NUMBER
International Standard Book Number 5801800042
040 ## - CATALOGING SOURCE
Transcribing agency GE_BSU
080 ## - UNIVERSAL DECIMAL CLASSIFICATION NUMBER
Universal Decimal Classification number 330
100 ## - MAIN ENTRY--PERSONAL NAME
Personal name Бор, М.З.
245 ## - TITLE STATEMENT
Title Основы экономических исследований: логика, методология, организация, методика
260 ## - PUBLICATION, DISTRIBUTION, ETC.
Place of publication, distribution, etc. Москва
260 ## - PUBLICATION, DISTRIBUTION, ETC.
Name of publisher, distributor, etc. ДИС
260 ## - PUBLICATION, DISTRIBUTION, ETC.
Date of publication, distribution, etc. 1998
300 ## - PHYSICAL DESCRIPTION
Extent 144 с. 20 см.
653 ## - INDEX TERM--UNCONTROLLED
Uncontrolled term логика
653 ## - INDEX TERM--UNCONTROLLED
Uncontrolled term методика
653 ## - INDEX TERM--UNCONTROLLED
Uncontrolled term методология
653 ## - INDEX TERM--UNCONTROLLED
Uncontrolled term организация
653 ## - INDEX TERM--UNCONTROLLED
Uncontrolled term Основы экономических исследований
942 ## - ADDED ENTRY ELEMENTS (KOHA)
Koha item type წიგნი
ეგზემპლარები
Withdrawn status Lost status Damaged status Not for loan Date acquired Barcode Date last seen Price effective from Koha item type Public note
        2018-12-17 7986 2018-12-17 2018-12-17 წიგნი დარბაზი
        2018-12-17 7985 2018-12-17 2018-12-17 წიგნი დარბაზი